ბათუმის შოთა რუსთაველის სახელმწიფო უნივერსიტეტის ბიბლიოთეკა

GRAMMAIRE GEORGIENNE= ქართული გრამატიკა (ბიბ.ჩანაწერი № 51591)

000 -LEADER
fixed length control field 00929nam a2200241Ia 4500
001 - CONTROL NUMBER
control field 18582
003 - CONTROL NUMBER IDENTIFIER
control field GE_BSU
008 - FIXED-LENGTH DATA ELEMENTS--GENERAL INFORMATION
fixed length control field 181216s||||||||xx |||||||||||||| ||und||
020 ## - INTERNATIONAL STANDARD BOOK NUMBER
International Standard Book Number 9789941135453
040 ## - CATALOGING SOURCE
Transcribing agency GE_BSU
080 ## - UNIVERSAL DECIMAL CLASSIFICATION NUMBER
Universal Decimal Classification number 811.353.1
100 ## - MAIN ENTRY--PERSONAL NAME
Personal name TSERETHELI MIKHEIL (MIKHAKO)
245 ## - TITLE STATEMENT
Title GRAMMAIRE GEORGIENNE= ქართული გრამატიკა
245 ## - TITLE STATEMENT
Statement of responsibility, etc. რედ:ირაკლი ღარიბაშვილი,მანანა ბუკია.პროექტის ავტორი:ნინო პავლიაშვილი
260 ## - PUBLICATION, DISTRIBUTION, ETC.
Place of publication, distribution, etc. თბილისი
260 ## - PUBLICATION, DISTRIBUTION, ETC.
Name of publisher, distributor, etc. ივანე ჯავახიშვილის უნ-ტის გამ-ბა
260 ## - PUBLICATION, DISTRIBUTION, ETC.
Date of publication, distribution, etc. 2016
300 ## - PHYSICAL DESCRIPTION
Extent 87p;ill;24cm.
653 ## - INDEX TERM--UNCONTROLLED
Uncontrolled term GRAMMAIRE GEORGIENNE= ქართული გრამატიკა
653 ## - INDEX TERM--UNCONTROLLED
Uncontrolled term grammar
653 ## - INDEX TERM--UNCONTROLLED
Uncontrolled term გრამატიკა
942 ## - ADDED ENTRY ELEMENTS (KOHA)
Koha item type წიგნი
ეგზემპლარები
Withdrawn status Lost status Damaged status Not for loan Date acquired Barcode Date last seen Price effective from Koha item type
        2018-12-17 48031 2018-12-17 2018-12-17 წიგნი
        2018-12-17 48032 2018-12-17 2018-12-17 წიგნი